[Event "FIDE Candidates 2014"]
[Site "Khanty-Mansiysk RUS"]
[Date "2014.03.23"]
[Round "9.1"]
[White "Andreikin, Dmitry"]
[Black "Svidler, Peter"]
[Result "1/2-1/2"]
[WhiteTitle "GM"]
[BlackTitle "GM"]
[WhiteElo "2709"]
[BlackElo "2758"]
[WhiteFideId "4158814"]
[BlackFideId "4102142"]
[EventDate "2014.03.13"]

1. e4 c5 2. Nf3 d6 3. d4 cxd4 4. Nxd4 Nf6 5. Nc3 a6 6. h3 e5 7. Nb3 Be6 8. g4 d5
9. g5 Nxe4 10. Nxe4 dxe4 11. Qxd8+ Kxd8 12. Bg2 Nc6 13. Bxe4 Kc7 14. Bd2 h6 15.
h4 hxg5 16. hxg5 Rxh1+ 17. Bxh1 Be7 18. O-O-O Rh8 19. Be3 Rh4 20. Bg2 b6 21. a3
a5 22. Re1 g6 23. Nd2 Nd4 24. Nf3 Rg4 25. Bh1 Bd6 26. Bd2 Nc6 27. Be3 Nd4 28.
Bd2 Nc6 29. Be3 Bf5 30. Rg1 Rxg1+ 1/2-1/2